Weaving without a loom

Bewaard in:
Bibliografische gegevens
Hoofdauteur: Rainey, Sarita R.
Formaat: Boek
Taal:English
Gepubliceerd in: Worcester, Mass., Davis Publications [1966]
Onderwerpen:
LEADER 00848nam a22002291 4500
001 c000122431
003 CARM
005 00000000000000.0
008 720420s1966 mauac b 00010 eng
019 1 |a 649588  |z 11384720  |z 21927326  |5 LACONCORD2021 
035 |a (OCoLC)566721  |5 LACONCORD2021 
050 |a TT848  |b .R25 
100 1 |a Rainey, Sarita R. 
245 1 0 |a Weaving without a loom  |c [by] Sarita R. Rainey. 
260 |a Worcester, Mass.,  |b Davis Publications  |c [1966] 
300 |a 132 p.  |b illus. (part col.) ports.  |c 24 x 25 cm. 
504 |a Bibliography: p. 132. 
650 0 |a Hand weaving. 
852 8 |b CARM  |h A2:AE33D3  |i E00027  |p 0015477  |f BK 
082 0 4 |a 746.1 
999 f f |i a626867e-9a06-550c-ab60-a0958186bd8d  |s 54d53b94-172a-50fe-8298-ea84810cbfd3 
952 f f |p Can circulate  |a CAVAL  |b CAVAL  |c CAVAL  |d CARM 1 Store  |e E00027  |f A2:AE33D3  |h Other scheme  |i book  |m 0015477